1776 1748 1943 1833 1673 1930 1554 1556 1054 1667 1299 1072 1711 1606 1617 1445 1149 1070 1392 1725 1108 1027 1259 1247 1434 1879 1375 1747 1398 1534 1674 1407 1171 1915 1382 1629 1294 1153 1239 1868 1314 1406 1696 1777 1506 1108 1290 1003 1994 1025 1557 1866 1309 1404 1419 1222 1016 1423 1782 1807 1510 1468 1430 1262 1389 1799 1941 1797 1683 1800 1472 1836 1650 1202 1459 1720 1924 1770 1660 1777 1319 1996 1240 1510 1994 1026 1330 1956 1121 1412 1166 1550 1320 1443 1351 1029 1796 1931 1819 BCNSPRNW ULIB Ver.6.0+V

เปลี่ยนเป็นภาษาไทย

Change to English
 แสดงรายละเอียดบรรณานุกรม
  กลับหน้าหลัก

Brief Record : Get Marc (ISO 2709) : E-mail record : QR code < ปิดหน้าต่าง
LEADER : 00000nam 2200000uu 4500
001    13399124666
003     ULIB
008    151119s2557||||th 000 0 tha d
020    ^a9786162830983 :^cบริจาค
050    ^rอ^aDS570.6.P4^bก528จ เล่ม 1
110  2  ^aกรมศิลปากร
245  1  ^aจดหมายเหตุงานพระศพ สมเด็จพระเจ้าภคินีเธอ เจ้าฟ้าเพชรรัตนราชสุดา สิริโสภาพัณณวดี เล่ม 1 /^cกรมศิลปากร
260    ^aกรุงเทพฯ :^bกรมศิลปากร,^c2557
300    ^a256 หน้า :^bภาพประกอบ ;^c30 ซม.+1 CD-ROM
504    ^aบรรณานุกรม
504    ^aภาคผนวก
600  0  ^aเพชรรัตนราชสุดา สิริโสภาพัณณวดี, สมเด็จพระเจ้าภคินีเธอ เจ้าฟ้า^x2468-2554
650  4 ^aจดหมายเหตุ
945    ^p0^l0^i000209
999    ^aเกษร โพธิ์สุวรรณ
รายการนี้ยังไม่มีแท็ก
คุณยังไม่ได้ล็อกอิน คุณสามารถมีกิจกรรมร่วมกับเว็บไซต์ได้ แต่ต้องล็อกอินก่อน ::
  ล็อกอิน

รายการสื่อสารสนเทศ

ลำดับที่ ประเภท เลขเรียก/บาร์โค้ด สถานที่ สถานะ
1. การศึกษาทั่วไป
การศึกษาทั่วไป
อ DS570.6.P4 ก528จ เล่ม 1 ฉ.1 
  Barcode: 000209
ห้องสมุดวิทยาเขตสวรรค์ประชารักษ์
►หนังสือทั่วไป
บนชั้น

รายการใกล้เคียง
    หัวเรื่อง [จดหมายเหตุ]

BibComment


ยังไม่เคยถูกคอมเมนท์

คอมเมนท์ทรัพยากรรายการนี้
  คอมเมนท์: จดหมายเหตุงานพ..


 Copyright 2026. Bcnsprnw @Library